Novely daňových zákonov

Novela daňového poriadku (rok 2022). Novela zákona o dani z príjmov (rok 2022). Novela zákona o DPH (rok 2021 a 2022). Vybrané témy schválených zmien.

Gespeichert in:
Bibliographische Detailangaben
1. Verfasser: Pastierik, Vladimír
Format: Buchkapitel
Sprache:Slowakisch
Schlagworte:
Tags: Tag hinzufügen
Keine Tags, Fügen Sie das erste Tag hinzu!

MARC

LEADER 00000naa a2200000 4500
001 0282141
005 20240417075155.8
041 0 |a slo 
044 |a SK 
245 1 0 |a Novely daňových zákonov  |c Vladimír Pastierik 
520 |a Novela daňového poriadku (rok 2022). Novela zákona o dani z príjmov (rok 2022). Novela zákona o DPH (rok 2021 a 2022). Vybrané témy schválených zmien. 
610 2 0 |a novelizácia 
610 2 0 |a zmennosť 
610 2 0 |a zákony 
610 2 0 |a legislatíva 
610 2 0 |a dane 
100 1 |a Pastierik, Vladimír